000 00762nam a2200229 a 4500
001 000025934
005 20200930024150.0
008 110224s1972 sp r 000 0 spa d
040 _aDO-SdBNP
_bspa
_cBNPHU
041 1 7 _aspa
_hita
_2Código de idiomas MARC
082 _ann*
_bnn*
100 1 _aDella Volpe, Galvano.
_952792
240 1 0 _aStoria del gusto.
_lEspañol
245 1 0 _aHistoria del gusto /
_cGalvano Della Volpe ; traducción de F. Fernández Buey.
260 _aMadrid :
_bAlberto Corazón,
_c1972.
300 _a154 p. ;
_c21 cm.
490 1 _aComunicación Serie B.
_v16
534 _aDe la edición original :
_tStoria del gusto
700 1 _aFernández Buey, F.,
_etr.
_952793
830 0 _aComunicación Serie B.
_v16
_952794
049 _aBNGR
999 _c25426
_d25426